[Event "Washington State-chC"]
[Site "Kirkland"]
[Date "2020.02.15"]
[Round "5"]
[White "Bishop, Alan"]
[Black "Lee, Brian"]
[Result "1-0"]
[WhiteElo "1799"]
[BlackElo "1664"]
[PlyCount "65"]
[EventDate "2020.02.08"]
[EventType "tourn"]
[EventRounds "9"]
[EventCountry "USA"]
[SourceTitle "EXT 2023"]
[Source "ChessBase"]
[SourceDate "2022.10.05"]
[SourceVersion "1"]
[SourceVersionDate "2022.10.05"]
[SourceQuality "1"]

1. e4 c5 2. Nf3 d6 3. d4 cxd4 4. Nxd4 Nf6 5. Nc3 a6 6. Be3 e6 7. f3 b5 8. Qd2 Bb7 9. g4 b4 10. Na4 d5 11. g5 Nfd7 12. exd5 Bxd5 13. Bg2 Ne5 14. b3 Nbc6 15. 0-0-0 Nxd4 16. Qxd4 Nxf3 17. Qb2 Qe7 18. Nb6 Rd8 19. Nxd5 exd5 20. Bf4 Nxg5 21. Bxd5 Rc8 22. Kb1 Ne6 23. Rhe1 Rg8 24. Bd6 Qf6 25. Be5 Qe7 26. Bd6 Qf6 27. Be5 Qe7 28. Re4 Qg5 29. Bb7 Rc5 30. Bf4 Qf6 31. Qc1 Be7 32. Qd2 Nxf4 33. Qd8# 1-0